000 00617nam a2200241Ia 4500
003 OSt
005 20221005120330.0
006 a|||||r|||| 00| 0
007 ta
008 221004b |||||||| |||| 00| 0 eng d
024 _a57855
037 _cTextual
040 _aCRL
_cCRL
_beng
041 _2eng
_aeng
082 _aV2:2:9z, H8-;1
110 _aSocialist party (India)
_9629018
245 0 _aDraft constitution of Indian republic
260 _c1948
650 _aHISTORY
700 _aSocialist party (India)
_9629019
942 _hV2:2:9z, H8-;1
_cTEXL
_2cc
999 _c1037669
_d1037669